[Event "GER Pfingstopen U12"]
[Site "Playchess.com INT"]
[Date "2020.06.02"]
[Round "6"]
[White "Xue, Jiashu"]
[Black "Geist, Denis"]
[Result "0-1"]
[WhiteElo "1620"]
[BlackElo "1620"]
[PlyCount "44"]
[EventDate "2020.06.02"]
[EventType "swiss (blitz)"]
[EventRounds "11"]
[EventCountry "GER"]
[SourceTitle "CBM 197 Extra"]
[Source "ChessBase"]
[SourceDate "2020.09.30"]
[SourceVersion "1"]
[SourceVersionDate "2020.09.30"]
[SourceQuality "1"]

1. e4 e6 2. Nf3 d5 3. exd5 exd5 4. Nc3 Bg4 5. Be2 Bb4 6. a3 Bxc3 7. bxc3 Ne7 8. d4 Nbc6 9. Bg5 f6 10. h3 Be6 11. Bf4 Qd7 12. Bb5 0-0-0 13. 0-0 g5 14. Bg3 g4 15. hxg4 Bxg4 16. Qd3 h5 17. Rfe1 Rde8 18. Re2 Bxf3 19. Qxf3 h4 20. Bh2 h3 21. gxh3 Rxh3 22. Qg2 Rg8 0-1

[Event "GER Pfingstopen U12"]
[Site "Playchess.com INT"]
[Date "2020.06.02"]
[Round "11"]
[White "Xue, Jiashu"]
[Black "Kovalskyy, Alicia"]
[Result "0-1"]
[WhiteElo "1620"]
[BlackElo "1620"]
[PlyCount "20"]
[EventDate "2020.06.02"]
[EventType "swiss (blitz)"]
[EventRounds "11"]
[EventCountry "GER"]
[SourceTitle "CBM 197 Extra"]
[Source "ChessBase"]
[SourceDate "2020.09.30"]
[SourceVersion "1"]
[SourceVersionDate "2020.09.30"]
[SourceQuality "1"]

1. e4 e5 2. Nf3 Nc6 3. Nc3 Nf6 4. Bc4 Bc5 5. 0-0 0-0 6. d3 h6 7. Be3 d6 8. Bxc5 dxc5 9. Rc1 Bg4 10. h3 Bxf3 0-1